<?xml version="1.0" encoding="UTF-8"?>
<record
    xmlns:xsi="http://www.w3.org/2001/XMLSchema-instance"
    xsi:schemaLocation="http://www.loc.gov/MARC21/slim http://www.loc.gov/standards/marcxml/schema/MARC21slim.xsd"
    xmlns="http://www.loc.gov/MARC21/slim">

  <leader>02365nam a22002537a 4500</leader>
  <controlfield tag="001">6456</controlfield>
  <controlfield tag="003">FISKH</controlfield>
  <controlfield tag="005">20250512151717.0</controlfield>
  <controlfield tag="008">250505b        cb ||||| |||| 00| 0 eng d</controlfield>
  <datafield tag="040" ind1=" " ind2=" ">
    <subfield code="a">FISKH</subfield>
    <subfield code="b">khr</subfield>
    <subfield code="c">FIISKH</subfield>
    <subfield code="d">FISKH</subfield>
  </datafield>
  <datafield tag="050" ind1=" " ind2=" ">
    <subfield code="a">PZ7</subfield>
  </datafield>
  <datafield tag="082" ind1=" " ind2=" ">
    <subfield code="a">808.1</subfield>
  </datafield>
  <datafield tag="100" ind1=" " ind2=" ">
    <subfield code="a">Sovi, Ly </subfield>
  </datafield>
  <datafield tag="245" ind1=" " ind2=" ">
    <subfield code="a">&#x179F;&#x17C1;&#x1780;&#x179F;&#x17C4;&#x1798;&#x179F;&#x17B6;&#x179A;&#x17B7;&#x1780;&#x17B6; :</subfield>
    <subfield code="b">&#x1780;&#x17C6;&#x178E;&#x17B6;&#x1796;&#x17D2;&#x1799; &#x1785;&#x1798;&#x17D2;&#x179B;&#x1784;&#x1796;&#x17B8;&#x179F;&#x17B6;&#x179F;&#x17D2;&#x178F;&#x17D2;&#x179A;&#x17B6;&#x179F;&#x17D2;&#x179B;&#x17BA;&#x1780;&#x179A;&#x17B7;&#x178F; /</subfield>
    <subfield code="c">&#x179B;&#x17B8; &#x179F;&#x17BB;&#x179C;&#x17B8;&#x179A; &#x17A2;&#x178F;&#x17B8;&#x178F;&#x179F;&#x17B6;&#x179F;&#x17D2;&#x179A;&#x17D2;&#x178F;&#x17B6;&#x1785;&#x17B6;&#x179A;&#x17D2;&#x1799;&#x1798;&#x1792;&#x17D2;&#x1799;&#x1798;&#x179F;&#x17B7;&#x1780;&#x17D2;&#x179F;&#x17B6;&#x200B;</subfield>
  </datafield>
  <datafield tag="250" ind1=" " ind2=" ">
    <subfield code="a">&#x1785;&#x17C1;&#x1789;&#x1795;&#x17D2;&#x179F;&#x17B6;&#x1799;&#x1786;&#x17D2;&#x1793;&#x17B6;&#x17C6;&#x17E2;&#x17E0;&#x17E0;&#x17E4;</subfield>
  </datafield>
  <datafield tag="260" ind1=" " ind2=" ">
    <subfield code="a">&#x1797;&#x17D2;&#x1793;&#x17C6;&#x1796;&#x17C1;&#x1789;&#x200B;:</subfield>
    <subfield code="c">&#x17E2;&#x17E0;&#x17E0;&#x17E4; .</subfield>
  </datafield>
  <datafield tag="300" ind1=" " ind2=" ">
    <subfield code="a">41 pages : </subfield>
    <subfield code="b">illustrations ; </subfield>
    <subfield code="c">21 cm. </subfield>
  </datafield>
  <datafield tag="520" ind1=" " ind2=" ">
    <subfield code="a">&#x179A;&#x17BF;&#x1784;&#x1793;&#x17C1;&#x17C7;&#x1787;&#x17B6;&#x1794;&#x17D2;&#x179A;&#x179B;&#x17C4;&#x1798;&#x179B;&#x17C4;&#x1780;&#x178A;&#x17CF;&#x1794;&#x17C2;&#x1794;&#x17A2;&#x17B6;&#x179A;&#x1798;&#x17D2;&#x1798;&#x178E;&#x17CD;&#x178A;&#x17C2;&#x179B;&#x1786;&#x17D2;&#x179B;&#x17BB;&#x17C7;&#x1794;&#x1789;&#x17D2;&#x1785;&#x17B6;&#x17C6;&#x1784;&#x1796;&#x17B8;&#x1787;&#x17B8;&#x179C;&#x17B7;&#x178F;&#x1793;&#x17B7;&#x1784;&#x1780;&#x17B6;&#x179A;&#x178F;&#x179F;&#x17CA;&#x17BC;&#x179A;&#x1794;&#x179F;&#x17CB;&#x179F;&#x17B6;&#x179A;&#x17B7;&#x1780;&#x17B6;&#x2014;&#x179F;&#x17D2;&#x179A;&#x17B8;&#x178F;&#x17BC;&#x1785;&#x1798;&#x17D2;&#x1793;&#x17B6;&#x1780;&#x17CB;&#x178A;&#x17C2;&#x179B;&#x1798;&#x17B6;&#x1793;&#x1794;&#x17C6;&#x178E;&#x1784;&#x1785;&#x1784;&#x17CB;&#x179A;&#x179F;&#x17CB;&#x1787;&#x17B8;&#x179C;&#x17B7;&#x178F;&#x178A;&#x17C4;&#x1799;&#x1781;&#x17D2;&#x179B;&#x17BD;&#x1793;&#x17AF;&#x1784; &#x1791;&#x17C4;&#x17C7;&#x1794;&#x17B8;&#x1787;&#x17B6;&#x178F;&#x17D2;&#x179A;&#x17BC;&#x179C;&#x1787;&#x17BD;&#x1794;&#x1794;&#x17D2;&#x179A;&#x1791;&#x17C7;&#x1793;&#x17B9;&#x1784;&#x1780;&#x17B6;&#x179A;&#x179B;&#x17C6;&#x1794;&#x17B6;&#x1780;&#x1792;&#x17C6;&#x1793;&#x17C5;&#x1780;&#x17D2;&#x1793;&#x17BB;&#x1784;&#x1787;&#x17B8;&#x179C;&#x17B7;&#x178F;&#x17D4; &#x1793;&#x17B6;&#x1784;&#x1794;&#x17B6;&#x1793;&#x1794;&#x17B6;&#x178F;&#x17CB;&#x1794;&#x1784;&#x17CB;&#x1798;&#x1793;&#x17BB;&#x179F;&#x17D2;&#x179F;&#x179F;&#x17C6;&#x1781;&#x17B6;&#x1793;&#x17CB;&#x17D7; &#x1793;&#x17B7;&#x1784;&#x1782;&#x17BD;&#x179A;&#x17B2;&#x17D2;&#x1799;&#x179F;&#x17D2;&#x179A;&#x179B;&#x17B6;&#x1789;&#x17CB; &#x1794;&#x17C9;&#x17BB;&#x1793;&#x17D2;&#x178F;&#x17C2;&#x179F;&#x17B6;&#x179A;&#x17B7;&#x1780;&#x17B6;&#x1798;&#x17B7;&#x1793;&#x1785;&#x17C1;&#x17C7;&#x1794;&#x17C4;&#x17C7;&#x1794;&#x1784;&#x17CB;&#x1785;&#x17B7;&#x178F;&#x17D2;&#x178F;&#x1791;&#x17C1;&#x17D4; &#x1793;&#x17B6;&#x1784;&#x1787;&#x17B6;&#x1797;&#x17B6;&#x1796;&#x178F;&#x17C6;&#x178E;&#x17B6;&#x1784;&#x1793;&#x17C3;&#x1780;&#x1798;&#x17D2;&#x179B;&#x17B6;&#x17C6;&#x1784;&#x1785;&#x17B7;&#x178F;&#x17D2;&#x178F;&#x1793;&#x17B6;&#x179A;&#x17B8; &#x1793;&#x17B7;&#x1784;&#x1797;&#x17B6;&#x1796;&#x179A;&#x17B9;&#x1784;&#x1798;&#x17B6;&#x17C6;&#x1780;&#x17D2;&#x1793;&#x17BB;&#x1784;&#x179F;&#x1784;&#x17D2;&#x1782;&#x1798; &#x178A;&#x17C2;&#x179B;&#x179F;&#x17D2;&#x179C;&#x17C2;&#x1784;&#x179A;&#x1780;&#x1795;&#x17D2;&#x179B;&#x17BC;&#x179C;&#x1787;&#x17B8;&#x179C;&#x17B7;&#x178F;&#x1790;&#x17D2;&#x1798;&#x17B8;&#x178A;&#x17C4;&#x1799;&#x1781;&#x17D2;&#x179B;&#x17BD;&#x1793;&#x17AF;&#x1784; &#x1791;&#x17B6;&#x17C6;&#x1784;&#x1794;&#x17D2;&#x179A;&#x1788;&#x1798;&#x1798;&#x17BB;&#x1781;&#x1793;&#x17B9;&#x1784;&#x179F;&#x1796;&#x17D2;&#x179C;&#x1780;&#x17B6;&#x179A;&#x179B;&#x17C6;&#x1794;&#x17B6;&#x1780;&#x17D4;</subfield>
  </datafield>
  <datafield tag="520" ind1=" " ind2=" ">
    <subfield code="a">This is an emotional novel that reflects the life and struggles of Sarika&#x2014;a little girl who wants to live on her own despite facing great difficulties in life.
She lost important and beloved people, but Sarika never gave up. She is a symbol of female strength and social resilience, finding a new path in life on her own, despite all the difficulties.</subfield>
  </datafield>
  <datafield tag="650" ind1=" " ind2=" ">
    <subfield code="a">&#x179F;&#x17C1;&#x1780;&#x179F;&#x17C4;&#x1798;&#x179F;&#x17B6;&#x179A;&#x17B7;&#x1780;&#x17B6;</subfield>
    <subfield code="v">&#x1780;&#x17C6;&#x178E;&#x17B6;&#x1796;&#x17D2;&#x1799;&#x1781;&#x17D2;&#x1798;&#x17C2;&#x179A;</subfield>
  </datafield>
  <datafield tag="650" ind1=" " ind2=" ">
    <subfield code="a">Seksomsarika </subfield>
    <subfield code="v">Khmer poetry </subfield>
  </datafield>
  <datafield tag="942" ind1=" " ind2=" ">
    <subfield code="2">ddc</subfield>
    <subfield code="c">KHB</subfield>
    <subfield code="n">0</subfield>
  </datafield>
  <datafield tag="999" ind1=" " ind2=" ">
    <subfield code="c">6456</subfield>
    <subfield code="d">6456</subfield>
  </datafield>
  <datafield tag="952" ind1=" " ind2=" ">
    <subfield code="0">0</subfield>
    <subfield code="1">0</subfield>
    <subfield code="2">ddc</subfield>
    <subfield code="4">0</subfield>
    <subfield code="7">0</subfield>
    <subfield code="8">KH</subfield>
    <subfield code="a">002</subfield>
    <subfield code="b">002</subfield>
    <subfield code="c">SKB</subfield>
    <subfield code="d">2025-05-05</subfield>
    <subfield code="l">0</subfield>
    <subfield code="o">SOV PZ7 808.1</subfield>
    <subfield code="p">FISSE01637</subfield>
    <subfield code="r">2025-05-05 16:11:18</subfield>
    <subfield code="t">1</subfield>
    <subfield code="w">2025-05-05</subfield>
    <subfield code="y">KHB</subfield>
  </datafield>
  <datafield tag="952" ind1=" " ind2=" ">
    <subfield code="0">0</subfield>
    <subfield code="1">0</subfield>
    <subfield code="2">ddc</subfield>
    <subfield code="4">0</subfield>
    <subfield code="7">0</subfield>
    <subfield code="8">KH</subfield>
    <subfield code="a">002</subfield>
    <subfield code="b">002</subfield>
    <subfield code="c">SKB</subfield>
    <subfield code="d">2025-05-09</subfield>
    <subfield code="l">0</subfield>
    <subfield code="o">SOV PZ7 808.1</subfield>
    <subfield code="p">FISSE01733</subfield>
    <subfield code="r">2025-05-09 10:10:48</subfield>
    <subfield code="t">2</subfield>
    <subfield code="w">2025-05-09</subfield>
    <subfield code="y">KHB</subfield>
  </datafield>
</record>
